[Event "Women's Speed Chess Q3"]
[Site "chess.com INT"]
[Date "2021.05.30"]
[Round "18"]
[White "Sviridova, Vlada"]
[Black "Morris-Suzuki, Sophie"]
[Result "1-0"]
[WhiteTitle "WFM"]
[BlackTitle "WFM"]
[WhiteElo "2144"]
[BlackElo "2043"]
[WhiteFideId "24109606"]
[BlackFideId "30922615"]
[EventDate "2021.05.30"]

1. d4 d5 2. c4 e6 3. Nf3 Nf6 4. Nc3 Be7 5. Bf4 O-O 6. e3 c5 7. dxc5 Bxc5 8. cxd5
Nxd5 9. Nxd5 exd5 10. a3 Nc6 11. Bd3 Bg4 12. h3 Bh5 13. O-O d4 14. Bxh7+ Kxh7
15. Qc2+ Kg8 16. Qxc5 Bxf3 17. gxf3 Qf6 18. Qg5 Qe6 19. Kh2 Ne7 20. Rg1 Ng6 21.
exd4 Rad8 22. Rad1 Rd5 23. Be5 Rfd8 24. f4 Qb6 25. f5 Qxb2 26. fxg6 f6 27. Qh5
fxe5 28. Qh7+ Kf8 29. Qh8+ Ke7 30. Qxg7+ Kd6 31. dxe5+ Kc6 32. Rc1+ Rc5 33. Qf6+
Kb5 34. Rb1 Rd2 35. Rxb2+ Rxb2 36. e6 Rcc2 37. a4+ Kxa4 38. Rg4+ Kb5 39. Rg2 Re2
40. e7 a5 41. g7 a4 42. g8=Q a3 43. Qd5+ Ka4 44. Qfd4+ Rb4 45. Qd1+ Rb3 46.
Q1xb3# 1-0

[Event "Women's Speed Chess Q3"]
[Site "chess.com INT"]
[Date "2021.05.30"]
[Round "18"]
[White "Narva, Regina"]
[Black "Von Herman, Brigitte"]
[Result "0-1"]
[WhiteTitle "WFM"]
[BlackTitle "WFM"]
[WhiteElo "1901"]
[BlackElo "1991"]
[WhiteFideId "4500237"]
[BlackFideId "4628730"]
[EventDate "2021.05.30"]

1. e4 e5 2. Nc3 Nf6 3. f4 d6 4. Nf3 Be7 5. Be2 Nc6 6. O-O exf4 7. d4 O-O 8. Bxf4
Re8 9. Qe1 a6 10. Rd1 b5 11. e5 Nd7 12. d5 Ncxe5 13. Nxe5 Nxe5 14. Bxe5 dxe5 15.
Qg3 Bf6 16. d6 cxd6 17. Nd5 Be7 18. Qf3 Be6 19. Bd3 Bf8 20. Qh5 g6 21. Qf3 Bxd5
22. Qxd5 Qe7 23. Be4 Rad8 24. c4 Qe6 25. Qb7 Qd7 26. Qxa6 f5 27. Bd5+ Kg7 28.
cxb5 Rb8 29. Bc6 Qd8 30. Bxe8 Qxe8 31. b6 Qe7 32. Qa7 Qb7 0-1

[Event "Women's Speed Chess Q3"]
[Site "chess.com INT"]
[Date "2021.05.30"]
[Round "18"]
[White "Starosta, Martyna"]
[Black "Dwilewicz, Katarzyna"]
[Result "0-1"]
[WhiteTitle "WCM"]
[BlackTitle "WFM"]
[WhiteElo "1910"]
[BlackElo "2092"]
[WhiteFideId "21818754"]
[BlackFideId "1148486"]
[EventDate "2021.05.30"]

1. e4 e5 2. Nf3 Nc6 3. Bb5 a6 4. Ba4 Nf6 5. O-O b5 6. Bb3 Bc5 7. a4 Rb8 8. axb5
axb5 9. d3 O-O 10. Nbd2 d6 11. h3 Ne7 12. Re1 Ng6 13. Nf1 c6 14. c3 Re8 15. Bc2
Nh5 16. d4 exd4 17. cxd4 Bb6 18. Be3 Nhf4 19. Qd2 Qf6 20. Ng3 Nxh3+ 21. gxh3
Qxf3 22. Bd1 Qf6 23. Bg5 Qxd4 24. Qe2 Bxh3 25. Be3 Qf6 26. Bxb6 Rxb6 27. Bb3 Ne5
28. Bd1 Bg4 29. Qe3 Rbb8 30. Bxg4 Nxg4 31. Qe2 Ne5 32. Nf5 g6 33. Nh6+ Kg7 34.
Ng4 Nxg4 35. Qxg4 Re5 36. Kf1 Rbe8 37. Ra7 h5 38. Qg3 Rxe4 39. Rxe4 Rxe4 40. Rd7
d5 41. Qc7 Rf4 42. Rd8 Rxf2+ 43. Ke1 Rf1+ 44. Kd2 Qf4+ 45. Kc3 Qc4+ 46. Kd2 Rf2+
47. Ke3 Re2+ 48. Kf3 Qe4+ 49. Kg3 Rg2+ 50. Kh3 Qg4# 0-1

[Event "Women's Speed Chess Q3"]
[Site "chess.com INT"]
[Date "2021.05.30"]
[Round "18"]
[White "Soumya, Swaminathan"]
[Black "Berend, Elvira"]
[Result "0-1"]
[WhiteTitle "IM"]
[BlackTitle "WGM"]
[WhiteElo "2351"]
[BlackElo "2326"]
[WhiteFideId "5016193"]
[BlackFideId "4000510"]
[EventDate "2021.05.30"]

1. Nf3 Nf6 2. g3 g6 3. Bg2 Bg7 4. O-O O-O 5. c4 d6 6. d4 Nc6 7. Nc3 e5 8. d5 Nb8
9. e4 a5 10. h3 Nbd7 11. b3 Nc5 12. Qc2 c6 13. Rb1 cxd5 14. cxd5 Bd7 15. a3 Rc8
16. Nd2 b5 17. b4 Na4 18. Bb2 axb4 19. axb4 Nxb2 20. Qxb2 Qb6 21. Rfe1 Nh5 22.
Re3 f5 23. exf5 gxf5 24. Qb3 f4 25. gxf4 Nxf4 26. Bf1 Bh6 27. Rg3+ Kh8 28. Nde4
Nh5 29. Rg2 Rg8 30. Kh2 Bf4+ 31. Kh1 Rcf8 32. Rxg8+ Rxg8 33. Bg2 Bh6 34. Qd1 Nf4
35. Bf3 Bxh3 36. Qe1 Qd8 37. Qe3 Qh4 38. Ng3 Bg2+ 39. Kg1 Nh3+ 40. Kxg2 Bxe3 41.
fxe3 Qxg3+ 0-1

[Event "Women's Speed Chess Q3"]
[Site "chess.com INT"]
[Date "2021.05.30"]
[Round "18"]
[White "Froewis, Annika"]
[Black "Zakirova, Aisha"]
[Result "0-1"]
[WhiteTitle "WFM"]
[BlackTitle "WCM"]
[WhiteElo "2143"]
[BlackElo "1585"]
[WhiteFideId "1621432"]
[BlackFideId "13719734"]
[EventDate "2021.05.30"]

1. e4 c5 2. Nf3 d6 3. d4 cxd4 4. Nxd4 Nf6 5. Nc3 Nc6 6. f3 e5 7. Ndb5 a6 8. Na3
b5 9. Nd5 Be6 10. Bg5 Be7 11. Bxf6 Bxf6 12. c3 Bg5 13. Nc2 O-O 14. Be2 a5 15.
Bxb5 Na7 16. Bc4 Rb8 17. b3 a4 18. O-O Qa5 19. Kh1 Qc5 20. Ncb4 Kh8 21. Qd3 Qc8
22. Rad1 Nc6 23. Nxc6 Qxc6 24. bxa4 Qxa4 25. Bb3 Qc6 26. Rfe1 Qd7 27. c4 Rfc8
28. Ra1 f5 29. exf5 Bxf5 30. Qe2 Bg6 31. Rad1 Re8 32. Bc2 Bh5 33. Qe4 Bg6 34.
Qe2 Bf5 35. Bxf5 Qxf5 36. Qe4 Qf7 0-1

[Event "Women's Speed Chess Q3"]
[Site "chess.com INT"]
[Date "2021.05.30"]
[Round "18"]
[White "Dauletova, Gulmira"]
[Black "Havanecz, Bianka"]
[Result "1-0"]
[WhiteTitle "WGM"]
[BlackTitle "WIM"]
[WhiteElo "2285"]
[BlackElo "2257"]
[WhiteFideId "13702971"]
[BlackFideId "704814"]
[EventDate "2021.05.30"]

1. e4 c6 2. d4 d5 3. e5 c5 4. dxc5 Nc6 5. f4 g6 6. Be3 Bg7 7. Nf3 e6 8. c3 Nge7
9. Bd3 O-O 10. O-O Nf5 11. Bxf5 exf5 12. Nbd2 Be6 13. Bd4 b6 14. cxb6 axb6 15.
b4 Ra3 16. Nb3 Nxd4 17. Qxd4 Qc7 18. Rfc1 Rfa8 19. Qd2 Qc4 20. Nfd4 Bh6 21. g3
Bf8 22. Qb2 Kg7 23. Nc2 R3a7 24. Ne3 Qe4 25. Qf2 h5 26. Nd4 Be7 27. Nb5 Rd7 28.
a4 Rc8 29. a5 bxa5 30. bxa5 Bc5 31. Nd4 Ra7 32. a6 Bxd4 33. cxd4 Rxc1+ 34. Rxc1
Rxa6 35. Nf1 Ra3 36. Nd2 Qd3 37. Nf1 Ra4 38. Ne3 Rxd4 39. Rd1 Qe4 40. Rxd4 1-0

[Event "Women's Speed Chess Q3"]
[Site "chess.com INT"]
[Date "2021.05.30"]
[Round "18"]
[White "Golubenko, Valentina"]
[Black "Ziegenfuss, Antonia"]
[Result "0-1"]
[WhiteTitle "WGM"]
[BlackTitle "WFM"]
[WhiteElo "2209"]
[BlackElo "2157"]
[WhiteFideId "4501993"]
[BlackFideId "12962554"]
[EventDate "2021.05.30"]

1. d4 Nf6 2. g3 d5 3. Bg2 e6 4. Nf3 Be7 5. O-O O-O 6. c4 dxc4 7. Nbd2 c5 8. Nxc4
Nc6 9. e3 cxd4 10. Nxd4 Nxd4 11. exd4 Bd7 12. Bxb7 Rb8 13. Bg2 Qc7 14. b3 Bc6
15. Bxc6 Qxc6 16. Ne5 Qb7 17. Bg5 Rfd8 18. Rc1 Rbc8 19. Qd3 h6 20. Bxf6 Bxf6 21.
Qe3 Qd5 22. Rxc8 Rxc8 23. Nf3 Rc2 24. a4 Qc6 25. Rd1 Rc3 26. Rd3 Rc1+ 27. Kg2
Bg5 28. Qe5 Qb7 29. d5 exd5 30. Qxd5 Qxd5 31. Rxd5 Rc3 32. Rb5 Bf6 33. Rb7 a5
34. Nd2 Rd3 35. Ne4 Bd4 36. Rd7 f5 37. Nc5 Rd2 38. Ne6 Rxf2+ 39. Kh3 Bf6 40. g4
f4 41. g5 hxg5 42. Kg4 Rxh2 43. Kf5 f3 44. Rb7 f2 45. Kg6 Rh6+ 46. Kf5 f1=Q+ 47.
Ke4 Qg2+ 48. Kf5 Qxb7 49. Nxg5 Bxg5 50. Kxg5 Qd5+ 0-1

[Event "Women's Speed Chess Q3"]
[Site "chess.com INT"]
[Date "2021.05.30"]
[Round "18"]
[White "Zhuravleva, Olga"]
[Black "Kulkarni, Bhakti"]
[Result "0-1"]
[WhiteTitle "WIM"]
[BlackTitle "IM"]
[WhiteElo "2278"]
[BlackElo "2391"]
[WhiteFideId "4145933"]
[BlackFideId "5019516"]
[EventDate "2021.05.30"]

1. e4 c6 2. Nf3 d5 3. Nc3 g6 4. d4 Bg7 5. Bd3 dxe4 6. Nxe4 Nf6 7. Nxf6+ Bxf6 8.
c3 O-O 9. O-O Bf5 10. Bxf5 gxf5 11. Bh6 Re8 12. Qc2 e6 13. Rad1 Nd7 14. Qe2 Qc7
15. h3 Kh8 16. Qe3 Rg8 17. Bf4 Qa5 18. a3 Qb5 19. Rd2 Rg7 20. Ne5 Nb6 21. Bh6
Bxe5 22. dxe5 Rg6 23. Bg5 Nd5 24. Rxd5 cxd5 25. Bf6+ Kg8 26. h4 Qc4 27. f4 b6
28. Qf2 Rc8 29. Kh1 h5 30. Qf3 Rg4 31. Bg5 Qe4 32. Qxe4 fxe4 33. Kh2 Rc4 34. g3
b5 35. Kg2 a5 36. Kf2 e3+ 37. Kxe3 Rxg3+ 38. Rf3 Rxf3+ 39. Kxf3 d4 40. cxd4 Rxd4
41. Be7 Rd1 42. b4 a4 43. f5 exf5 44. Kf4 Rf1+ 45. Kg5 Ra1 46. Kxf5 Rxa3 47. Kg5
Rb3 48. Kxh5 a3 49. Kg5 a2 50. h5 0-1

[Event "Women's Speed Chess Q3"]
[Site "chess.com INT"]
[Date "2021.05.30"]
[Round "18"]
[White "Assaubayeva, Bibisara"]
[Black "Pham, Le Thao Nguyen"]
[Result "1-0"]
[WhiteTitle "IM"]
[BlackTitle "IM"]
[WhiteElo "2381"]
[BlackElo "2369"]
[WhiteFideId "13708694"]
[BlackFideId "12401226"]
[EventDate "2021.05.30"]

1. d4 d5 2. c4 c6 3. Nf3 Nf6 4. e3 Bg4 5. h3 Bh5 6. g4 Bg6 7. Ne5 Nbd7 8. Nd2 e6
9. h4 dxc4 10. Nxg6 hxg6 11. g5 Nd5 12. Nxc4 Be7 13. Bd2 Bxg5 14. Bg2 Bxh4 15.
Qc2 N7b6 16. Ne5 Qf6 17. O-O-O O-O-O 18. e4 Ne7 19. Be3 Bg5 20. Rxh8 Rxh8 21.
Kb1 Bxe3 22. fxe3 Rh2 23. Ng4 Qh4 24. Nxh2 Qxh2 25. Rf1 f5 26. exf5 gxf5 27. e4
g6 28. exf5 gxf5 29. Qe2 Qd6 30. Re1 Kd7 31. Bf3 Nbd5 32. Qc4 Nb6 33. Qe2 Nbd5
34. Qc4 Qf4 35. Bh5 Ne3 36. Qb3 Qe4+ 37. Kc1 N7d5 38. Qxb7+ Kd6 39. Qb8+ Ke7 40.
Qb3 f4 41. Bd1 f3 42. Qa3+ Kf6 43. Qf8+ Kg5 44. Qxf3 Qxf3 45. Bxf3 Kf4 46. Bxd5
exd5 47. b3 1-0

[Event "Women's Speed Chess Q3"]
[Site "chess.com INT"]
[Date "2021.05.30"]
[Round "18"]
[White "Szente Varga, Fruzsina"]
[Black "Tokhirjonova, Gulrukhbegim"]
[Result "1/2-1/2"]
[WhiteTitle "WFM"]
[BlackTitle "WGM"]
[WhiteElo "2100"]
[BlackElo "2350"]
[WhiteFideId "712264"]
[BlackFideId "14203626"]
[EventDate "2021.05.30"]

1. e4 e5 2. Nf3 Nc6 3. Bb5 a6 4. Ba4 Nf6 5. O-O Nxe4 6. Bxc6 dxc6 7. Nxe5 Nf6 8.
Re1 Be7 9. d4 O-O 10. c3 Bf5 11. Nd2 c5 12. Ndf3 cxd4 13. Nxd4 Be4 14. Bg5 Bd5
15. Ng4 h6 16. Bh4 g5 17. Nxf6+ Bxf6 18. Bg3 c6 19. Qh5 Bg7 20. Nf5 Kh7 21. Be5
f6 22. Bd6 Rf7 23. Re3 Qd7 24. Qg4 Kg6 25. Nh4+ Kh7 26. Qxd7 Rxd7 27. Nf5 Kg6
28. g4 h5 29. h3 hxg4 30. hxg4 Bf8 31. Bxf8 Rxf8 32. Ne7+ Kf7 33. Rae1 Rxe7 34.
Rxe7+ Kg6 35. Re8 Rf7 36. R1e7 Bxa2 37. Rg8+ Kh7 38. Rxf7+ Bxf7 39. Rb8 b5 40.
Rb6 Bd5 41. Rxa6 Kg6 42. Kh2 f5 43. gxf5+ Kxf5 44. Kg3 g4 45. Ra8 Bf3 46. Rf8+
Ke4 47. Rf4+ Kd3 48. Rxf3+ gxf3 49. Kxf3 Kc2 50. Ke4 Kxb2 51. Kd4 c5+ 52. Kxc5
Kxc3 53. Kxb5 Kd4 54. Kb4 Ke4 55. Kc3 Kf3 56. Kd2 Kxf2 1/2-1/2

[Event "Women's Speed Chess Q3"]
[Site "chess.com INT"]
[Date "2021.05.30"]
[Round "18"]
[White "Marjanovic, Annamaria"]
[Black "Samaganova, Alexandra"]
[Result "1-0"]
[WhiteTitle "WGM"]
[BlackTitle "WFM"]
[WhiteElo "2338"]
[BlackElo "1993"]
[WhiteFideId "750930"]
[BlackFideId "13800221"]
[EventDate "2021.05.30"]

1. c4 c5 2. g3 g6 3. Bg2 Bg7 4. Nc3 Nc6 5. a3 a6 6. Rb1 Rb8 7. b4 cxb4 8. axb4
b5 9. cxb5 axb5 10. Nf3 e6 11. O-O d5 12. d4 Nge7 13. Bf4 Rb7 14. Qd3 Na7 15. e4
O-O 16. e5 Qb6 17. Nd2 Bd7 18. Nb3 Rc8 19. Nc5 Rbc7 20. Bg5 Be8 21. Ra1 Nec6 22.
Rfb1 h6 23. Be3 Qb8 24. Bf1 Qb6 25. Nxb5 Nxb5 26. Qxb5 Qxb5 27. Bxb5 Rb8 28. Na6
Rxb5 29. Nxc7 Rb8 30. Nxe8 Rxe8 31. b5 Ne7 32. b6 Nc6 33. b7 Nb8 34. Ra8 Kh7 35.
Rc1 Re7 36. Rxb8 g5 37. Rcc8 Kg6 38. Bd2 h5 39. Bb4 Rd7 40. Bd6 g4 41. Rd8 Rxb7
42. Rxb7 Kf5 43. Rxf7+ Ke4 44. Rxg7 Kf3 45. Rf8+ Ke2 46. Rb7 h4 47. gxh4 g3 48.
fxg3 Ke1 49. Rf2 Kd1 50. Rb1# 1-0

[Event "Women's Speed Chess Q3"]
[Site "chess.com INT"]
[Date "2021.05.30"]
[Round "18"]
[White "Makhija, Aashna"]
[Black "Mendoza, Shania Mae"]
[Result "1-0"]
[WhiteTitle "WIM"]
[BlackTitle "WFM"]
[WhiteElo "1969"]
[BlackElo "2158"]
[WhiteFideId "25011944"]
[BlackFideId "5211158"]
[EventDate "2021.05.30"]

1. e4 e5 2. Nf3 Nc6 3. Bb5 a6 4. Ba4 Nf6 5. O-O b5 6. Bb3 Be7 7. Re1 O-O 8. a4
Bb7 9. d3 d6 10. c3 Nb8 11. Bc2 Nbd7 12. b4 c5 13. Bd2 Re8 14. axb5 axb5 15.
Rxa8 Qxa8 16. Qe2 Bf8 17. Bg5 g6 18. Nbd2 Bg7 19. Nb3 Qc8 20. Ra1 h6 21. Bh4 g5
22. Bg3 Nh5 23. Na5 Nf4 24. Bxf4 exf4 25. Nxb7 Qxb7 26. d4 cxb4 27. cxb4 Rc8 28.
Bb3 Rc3 29. Bd5 Qc7 30. Ra8+ Kh7 31. h3 Rc1+ 32. Kh2 Nb6 33. Nxg5+ Kg6 34. Bxf7+
Kf6 35. Be6 hxg5 36. Bf5 d5 37. Qh5 f3+ 38. g3 Qf7 39. Qh7 Nxa8 40. Bg4 Ke7 41.
Bh5 Qf6 42. e5 Qf8 43. Qg6 Rf1 44. Qd6# 1-0

[Event "Women's Speed Chess Q3"]
[Site "chess.com INT"]
[Date "2021.05.30"]
[Round "18"]
[White "Enkhtuul, Altan-Ulzii"]
[Black "Agrest, Inna"]
[Result "1-0"]
[WhiteTitle "WGM"]
[BlackTitle "WIM"]
[WhiteElo "2228"]
[BlackElo "2285"]
[WhiteFideId "4901444"]
[BlackFideId "1708830"]
[EventDate "2021.05.30"]

1. d4 Nf6 2. Nc3 d5 3. Bf4 c5 4. e3 e6 5. Qd2 Bd6 6. Bg3 O-O 7. Nf3 Nc6 8. O-O-O
c4 9. Bxd6 Qxd6 10. e4 dxe4 11. Ng5 Rd8 12. Ngxe4 Nxe4 13. Nxe4 Qxd4 14. Qxd4
Rxd4 15. Rxd4 Nxd4 16. Bxc4 e5 17. Rd1 Be6 18. Bxe6 Nxe6 19. Rd7 f5 20. Ng3 f4
21. Nf5 g6 22. Nh6+ Kh8 23. Nf7+ Kg8 24. Nxe5 Rc8 25. Rxb7 Nd4 26. c3 Rc5 27.
Nd7 Rc8 28. Nf6+ Kf8 29. Nxh7+ Ke8 30. Nf6+ Kf8 31. Kd2 Ne6 32. Nd7+ Kg8 33. Ne5
g5 34. Rxa7 Rd8+ 35. Kc2 Rc8 36. Nf3 Rd8 37. Re7 Rd6 38. c4 g4 39. Ne5 Nd4+ 40.
Kc3 Ne2+ 41. Kb4 Rd2 42. b3 Nc1 43. c5 Rxa2 44. c6 Rb2 45. c7 Rxb3+ 46. Kc4 Kf8
47. Ng6+ Kg8 48. c8=Q# 1-0

[Event "Women's Speed Chess Q3"]
[Site "chess.com INT"]
[Date "2021.05.30"]
[Round "18"]
[White "Voit, Daria"]
[Black "Buksa, Nataliya"]
[Result "1-0"]
[WhiteTitle "WGM"]
[BlackTitle "IM"]
[WhiteElo "2360"]
[BlackElo "2414"]
[WhiteFideId "4182146"]
[BlackFideId "14123622"]
[EventDate "2021.05.30"]

1. Nf3 d5 2. c4 e6 3. g3 Nf6 4. Bg2 Be7 5. O-O O-O 6. d4 dxc4 7. Qc2 b6 8. Nfd2
Nd5 9. Nxc4 Bb7 10. a3 Nd7 11. Rd1 Qc8 12. e4 N5f6 13. Nc3 c5 14. d5 exd5 15.
exd5 Re8 16. Bf4 Ba6 17. b3 Bf8 18. a4 Bb7 19. Nb5 Nh5 20. Be3 Qd8 21. Bf3 Nhf6
22. Ncd6 Rb8 23. Nxe8 Qxe8 24. Bf4 Rc8 25. Re1 Qd8 26. Nxa7 Nxd5 27. Nxc8 Nxf4
28. Bxb7 Nh3+ 29. Kh1 Qc7 30. Bg2 Ng5 31. Re8 Nf6 32. Rae1 Nxe8 33. Rxe8 Ne6 34.
Qd3 g6 35. h3 Ng7 36. Qd8 Nxe8 37. Qxe8 Kg7 38. Bf3 h5 39. Kg2 Kg8 40. h4 Kg7
41. Be4 Kg8 42. Qc6 Qe7 43. Nxb6 Kg7 44. Nc4 Qd8 45. a5 Qd4 46. a6 Be7 47. a7
Qa1 48. a8=Q Qe1 49. Qce8 Bxh4 50. Qh8# 1-0

[Event "Women's Speed Chess Q3"]
[Site "chess.com INT"]
[Date "2021.05.30"]
[Round "18"]
[White "Dworakowska, Joanna"]
[Black "Novikova, Anna"]
[Result "1-0"]
[WhiteTitle "IM"]
[BlackTitle "WIM"]
[WhiteElo "2322"]
[BlackElo "2247"]
[WhiteFideId "1107445"]
[BlackFideId "4146794"]
[EventDate "2021.05.30"]

1. e4 c5 2. Nf3 e6 3. g3 d5 4. e5 Nc6 5. Bg2 Nge7 6. O-O Ng6 7. Re1 Qc7 8. Qe2
Be7 9. h4 h5 10. d3 Bd7 11. c3 d4 12. c4 O-O-O 13. a3 f6 14. exf6 gxf6 15. b4
Nce5 16. Nbd2 Nxf3+ 17. Bxf3 e5 18. Bxh5 Rdg8 19. Kh1 Nxh4 20. gxh4 Bg4 21.
Bxg4+ Kb8 22. h5 f5 23. Bxf5 Rg5 24. Bg4 Rhg8 25. f3 Bd6 26. Ne4 R5g7 27. h6 Rh7
28. Bd2 Qe7 29. Rg1 Qh4+ 30. Qh2 Qe7 31. Nxd6 Qxd6 32. Rae1 Ka8 33. Qxe5 Qf8 34.
Qh2 Rg6 35. Re5 a6 36. Rge1 Ka7 37. Re8 Qf7 38. Qb8+ Kb6 39. R8e6+ Rxe6 40.
Rxe6+ Qxe6 41. Bxe6 Rxh6+ 42. Bxh6 cxb4 43. Bd5 Ka5 44. Qxb7 Ka4 45. Qxa6+ Kb3
46. axb4 Kc2 47. b5 Kxd3 48. b6 Kc3 49. b7 1-0

[Event "Women's Speed Chess Q3"]
[Site "chess.com INT"]
[Date "2021.05.30"]
[Round "18"]
[White "Li, Xueyi"]
[Black "Pandey, Srishti"]
[Result "1-0"]
[WhiteTitle "WGM"]
[BlackTitle "WFM"]
[WhiteElo "2328"]
[BlackElo "2026"]
[WhiteFideId "8605912"]
[BlackFideId "35093290"]
[EventDate "2021.05.30"]

1. d4 Nf6 2. Nf3 c5 3. dxc5 e6 4. Be3 Na6 5. c3 Bxc5 6. Bxc5 Nxc5 7. g3 O-O 8.
Bg2 b6 9. O-O Bb7 10. Nbd2 d5 11. a4 Rc8 12. Ne5 Nfd7 13. Nd3 Re8 14. a5 Nxd3
15. exd3 Ne5 16. d4 Nc4 17. Nxc4 Rxc4 18. axb6 Qxb6 19. Qe2 Rc7 20. Rfe1 Bc6 21.
h4 Rb8 22. b4 Bb5 23. Qd2 Qc6 24. Re3 a6 25. h5 h6 26. g4 Qd6 27. Rg3 Qe7 28. g5
hxg5 29. Rxg5 Qf6 30. Rg3 Rbc8 31. h6 g6 32. Re1 Kh7 33. Bh3 Rc4 34. Kg2 R8c7
35. Rf3 Qh4 36. Rf4 Qg5+ 37. Kh2 Rxc3 38. Rg1 Qxh6 39. Rg3 Rxg3 40. Kxg3 Ba4 41.
Rh4 Qxh4+ 42. Kxh4 Bb5 43. Qg5 Kg7 44. Kg3 Rc3+ 45. f3 Be2 46. Qe5+ Kg8 47. Qxe2
Rb3 48. Bxe6 Rxb4 49. Bxd5 Rxd4 50. Qe8+ Kg7 51. Qxf7+ Kh6 52. Qf8+ Kg5 53. Qe7+
Kf5 54. Be4+ Rxe4 55. fxe4# 1-0

[Event "Women's Speed Chess Q3"]
[Site "chess.com INT"]
[Date "2021.05.30"]
[Round "18"]
[White "Vantika, Agrawal"]
[Black "Nurmanova, Alua"]
[Result "1-0"]
[WhiteTitle "WIM"]
[BlackTitle "WFM"]
[WhiteElo "2286"]
[BlackElo "2008"]
[WhiteFideId "25050389"]
[BlackFideId "13729390"]
[EventDate "2021.05.30"]

1. Nf3 Nf6 2. g3 g6 3. Bg2 Bg7 4. O-O O-O 5. d4 d6 6. c4 Nbd7 7. Nc3 e5 8. e4 c6
9. h3 Qc7 10. Be3 Re8 11. Qc2 Nf8 12. Rad1 exd4 13. Nxd4 Be6 14. b3 Rad8 15.
Rfe1 Bc8 16. f4 Nh5 17. Bf2 Bd7 18. Nf3 Bc8 19. Kh2 h6 20. Ne2 Ne6 21. b4 a5 22.
a3 b6 23. Rb1 axb4 24. axb4 Bb7 25. Red1 Ra8 26. f5 Ng5 27. Nxg5 hxg5 28. fxg6
fxg6 29. Be3 c5 30. b5 Be5 31. Bxg5 d5 32. cxd5 Bxg3+ 33. Kh1 Bd6 34. e5 Rxe5
35. Qxg6+ Ng7 36. Nf4 Bc8 37. Nh5 Bf5 38. Nf6+ Kf8 39. Nh7+ Kg8 40. Nf6+ Kf8 41.
Qh6 Bxb1 42. Rxb1 Rxg5 43. Qxg5 Qe7 44. Rf1 Bf4 45. Qxf4 Nh5 46. Nxh5+ Ke8 47.
Nf6+ Kd8 48. d6 1-0

[Event "Women's Speed Chess Q3"]
[Site "chess.com INT"]
[Date "2021.05.30"]
[Round "18"]
[White "Purtseladze, Maka"]
[Black "Sliwicka, Alicja"]
[Result "1/2-1/2"]
[WhiteTitle "IM"]
[BlackTitle "WIM"]
[WhiteElo "2274"]
[BlackElo "2346"]
[WhiteFideId "13602659"]
[BlackFideId "1150677"]
[EventDate "2021.05.30"]

1. b3 c5 2. e4 Nc6 3. Bb5 a6 4. Bxc6 bxc6 5. Bb2 d5 6. Qe2 e6 7. f4 Nf6 8. Nc3
Be7 9. O-O-O c4 10. g4 cxb3 11. axb3 d4 12. Na4 c5 13. g5 Nd7 14. Nf3 Nb6 15.
Nxb6 Qxb6 16. Ne5 Bd6 17. Nc4 Qc7 18. Nxd6+ Qxd6 19. f5 e5 20. Qc4 a5 21. Ba3
Ba6 22. Qxc5 Qxc5 23. Bxc5 Rc8 24. Bd6 f6 25. gxf6 gxf6 26. Kb2 Kd7 27. Ba3 Rhg8
28. Rhg1 Be2 29. Rde1 d3 30. c4 Bf3 31. Rxg8 Rxg8 32. Re3 Be2 33. Rh3 h5 34. Rg3
Rxg3 35. hxg3 Bf3 36. Bc5 Kc6 37. Be7 Bxe4 38. Bxf6 Bxf5 39. Bxe5 Be6 40. Ka3
Kb6 41. Bf6 Bd7 42. Bd8+ Ka6 43. Kb2 Bf5 44. Kc3 Bg6 45. Kd4 Bf5 46. Ke5 Bg4 47.
Kd6 Bd1 48. c5 Kb7 49. Bxa5 Bxb3 50. Bd8 Ba4 51. Bg5 Kc8 52. Ke5 Bd1 53. Kd4 Be2
54. Bf4 Kb7 55. Kd5 Kc8 56. Kd6 Bf3 57. c6 Be2 58. c7 Bf3 59. Ke7 Be2 60. Kf6
Bf3 61. Kg5 Be2 62. Be5 Bf3 63. Kf4 Be2 64. Ke3 Kd7 65. Bf4 Kc8 66. Kf2 Kd7 67.
Ke3 Kc8 68. Kf2 Kd7 69. Ke3 1/2-1/2

[Event "Women's Speed Chess Q3"]
[Site "chess.com INT"]
[Date "2021.05.30"]
[Round "18"]
[White "Bodnaruk, Anastasia"]
[Black "Paehtz, Elisabeth"]
[Result "1-0"]
[WhiteTitle "IM"]
[BlackTitle "IM"]
[WhiteElo "2457"]
[BlackElo "2456"]
[WhiteFideId "4181751"]
[BlackFideId "4641833"]
[EventDate "2021.05.30"]

1. e4 c5 2. Nc3 Nc6 3. Bb5 Nd4 4. Bc4 a6 5. a4 e6 6. Nf3 Ne7 7. O-O Nec6 8. Re1
Nxf3+ 9. Qxf3 Nd4 10. Qd1 Be7 11. d3 d6 12. Be3 O-O 13. Bxd4 cxd4 14. Ne2 e5 15.
f4 Rb8 16. f5 Bg5 17. Kh1 Be3 18. Rf1 b5 19. axb5 axb5 20. Bb3 Qf6 21. Rf3 Bd7
22. Ng3 Ra8 23. Nh5 Qh6 24. Rh3 Rxa1 25. Qxa1 Kh8 26. Qd1 Bf4 27. Nxf4 Qxf4 28.
Rf3 Qg4 29. Qf1 Ra8 30. Bxf7 h6 31. f6 g6 32. Bd5 Rf8 33. f7 Qg5 34. Rg3 Qh5 35.
Qf6+ Kh7 36. Rf3 Bg4 37. Rf1 Be2 38. Rf2 Bxd3 39. h3 Bc4 40. Qe7 Kg7 41. Qf6+
Kh7 42. Kh2 Bxd5 43. exd5 Qg5 44. Qxd6 Kg7 45. Qe6 Qe3 46. Qf6+ Kh7 47. d6 e4
48. d7 d3 49. cxd3 exd3 50. d8=Q Rxd8 51. Qxd8 Qe5+ 52. g3 h5 53. f8=Q 1-0

[Event "Women's Speed Chess Q3"]
[Site "chess.com INT"]
[Date "2021.05.30"]
[Round "18"]
[White "Gaponenko, Inna"]
[Black "Balabayeva, Xeniya"]
[Result "0-1"]
[WhiteTitle "IM"]
[BlackTitle "WFM"]
[WhiteElo "2357"]
[BlackElo "2178"]
[WhiteFideId "14101181"]
[BlackFideId "13719688"]
[EventDate "2021.05.30"]

1. e4 e6 2. d4 d5 3. exd5 exd5 4. Nf3 Nf6 5. Bd3 Bd6 6. Qe2+ Be6 7. c4 dxc4 8.
Bxc4 O-O 9. Bxe6 Re8 10. Bxf7+ Kxf7 11. Be3 Nc6 12. Qc4+ Kf8 13. O-O Qd7 14. Nc3
Rad8 15. Rfe1 a6 16. h3 b5 17. Qb3 Na5 18. Qc2 Nc4 19. Rad1 Nxe3 20. fxe3 b4 21.
Na4 Ne4 22. Nd2 Nxd2 23. Rxd2 Kg8 24. e4 Bf4 25. Rd3 Qf7 26. Qb3 Qxb3 27. axb3
Be5 28. d5 c6 29. Rc1 cxd5 30. exd5 Bf4 31. Rf1 Be5 32. Nc5 a5 33. Nb7 Rd7 34.
Nxa5 Bxb2 35. Nc6 Bc3 36. Rfd1 Rc8 37. g4 h6 38. Kg2 Rcc7 39. Na5 Rc5 40. Nc4
Kf7 41. Ne3 g6 42. Nc4 Kg7 43. d6 Rc6 44. Rf3 Rc5 45. Rdf1 Rxc4 46. bxc4 Be5 47.
c5 Ra7 48. Rb3 Rb7 49. c6 Rb6 0-1